000 00284nam a2200121Ia 4500
008 190216s9999||||xx |||||||||||||| ||und||
100 _aVallathol
245 0 _aBapuji
260 _b"Vallathol Grandhalayam, Cheruthuruthi"
_c1969
300 _a71p
650 _aKavithkal
942 _cBK
999 _c25757
_d25757